5 Closest Capitals To Cities - Statistics

General Stats
  • This quiz has been taken 37 times
  • The average score is 22 of 30
Answer Stats
City Km Mi Answer % Correct
Rio De Janeiro 1,968 1,223 Buenos Aires
94%
Bangalore 1,741 1,081 New Delhi
94%
Rio De Janeiro 1,836 1,141 Montevideo
90%
New York City 541 336 Ottawa
90%
New York City 327 203 Washington DC
90%
Rio De Janeiro 1,490 926 Asunción
87%
Rio De Janeiro 935 571 Brasilia
87%
Auckland 2,304 1,431 Canberra
87%
Seville 391 243 Madrid
87%
Bangalore 1,803 1,121 Dhaka
81%
Seville 312 194 Lisbon
81%
Seville 857 533 Andorra La Vella
77%
Bangalore 1,825 1,134 Kathmandu
77%
Lagos 412 256 Accra
74%
New York City 1,770 1,100 Nassau
74%
Auckland 493 306 Wellington
74%
Lagos 538 334 Abuja
71%
New York City 2,105 1,308 Havana
71%
Seville 381 237 Rabat
71%
Lagos 242 150 Lomé
65%
Bangalore 1,076 667 Malé
65%
Auckland 2,111 1,312 Suva
65%
Seville 805 500 Algiers
61%
New York City 2,470 1,535 Port-au-prince
55%
Rio De Janeiro 2,331 1,448 Sucre
55%
Lagos 84 52 Porto Novo
52%
Bangalore 717 446 Sri Jayawardenepura Kotte
52%
Auckland 2,217 1,378 Port Vila
45%
Auckland 1,998 1,241 Nuku'Alofa
42%
Lagos 668 415 Malabo
39%
No matching quizzes found
Score Distribution
Percent of People with Each Score
Percentile by Number Answered
Your Score History
You have not taken this quiz